01075cam a2200277 a 450000500170000000800410001701000150005802000260007303500130009903700130011204000130012508200120013810000310015024000360018124501380021726000360035527000810039130000220047250000560049465000100055065100100056070000420057094200260061299900170063895201420065520031230185550.0940308s1993 enkab b 001 0 eng  aENG-101698 c495.00a9788184000962 aEN-85231 bDBAD/PUB adplbEng a891.4391 922405aJah,Muhammad Husain aT̤ilism-i hoshrubā.lEnglish10aHoshruba, the land and the tilism :cby Muhammad Husain Jah ; translated from the Urdu by Musharraf Ali FarooqibTilism-e hoshruba /  aNoidabRandom House Indiac2009 aMind Mill Corporate Tower, 2nd Floor, Plot No 24A Sector 16A,bNoidae2013011 a447p.c23cm (pbk) aIncludes bibliographical references (p. [442]-445). 0922448 922481 922431aFarooqi, Musharraf Ali d1968- 2ddccENmJAHh891.439 c48318d48318 00102ddc40718NFICaDBADbDBADd2010-10-09eDBAD/PUBg495.00l0o891.439 JAHpEN-85231r2010-10-09 00:00:00t1v495.00w2010-10-09yEN